Statistics for Asian Geography Multiple Choice

Click here to take the quiz!

General Stats

  • This quiz has been taken 425 times
  • The average score is 11 of 20

Answer Stats

QuestionAnswer% Correct
What is the official language of Israel?Hebrew
85%
What body of water does the Ganges River empty into?Bay of Bengal
83%
Which one of these plants is Afghanistan famous for producing?Opium poppy
77%
In which country is the ancient city of Petra located?Jordan
76%
What is the name of the winds that give South and Southeast Asia a distinct "rainy season"?Monsoon
74%
Mount Elbrus is the highest point in what mountain range?Caucasus
72%
What is the biggest city of Pakistan?Karachi
70%
Which one of these is NOT an island nation entirely?Malaysia
68%
What is the largest city and administrative capital of Tibet?Lhasa
61%
Which strait is found between the Malay Peninsula and Sumatra?Malacca
60%
How many "Stan" countries are there?Seven
60%
What is the approximate population of Asia?4.4 billion
43%
In which one of these countries is the Deccan Plateau located?India
41%
What island is formerly known as Celebes?Sulawesi
40%
Out of top ten most populous urban areas of the world, how many of them are in Asia?Eight
34%
On what island is Haikou the largest city?Hainan
34%
How many recognized countries are there in Asia?49
32%
Which one of these oceans does the continent of Asia NOT border?Southern Ocean
28%
What name does South Korea want the Sea of Japan to be known as?East Sea
24%
Which desert is Asia's largest by area?Arabian
22%

Score Distribution

Percentile by Number Answered

Percent of People with Each Score

Your Score History

You have not taken this quiz